| 000 | 00779nac a22002051u 4500 | ||
|---|---|---|---|
| 010 | _a 96031726 | ||
| 020 | _a0201548097 | ||
| 082 | 0 | 0 |
_a005.10684 _bH9261 |
| 090 |
_c4228 _d4228 |
||
| 100 | _aHumphrey, Watts S., | ||
| 245 | 1 | 0 |
_aIntroduction to the personal software process / _cWatts S. Humphrey. |
| 246 | 3 | 0 | _aPersonal software process |
| 260 |
_aReading, Mass. : _bAddison-Wesley Pub., _cc1997. |
||
| 300 |
_axxiv, 278 p. : _bill. ; _c24 cm. |
||
| 440 | 0 | _aSEI series in software engineering | |
| 504 | _aIncludes bibliographical references and index. | ||
| 650 | 0 | _aSoftware engineering. | |
| 942 |
_cBB _k005.10684H9261 |
||
| 999 |
_c4228 _d4228 |
||